Poorest Countries in the Americas - Statistics

General Stats
  • This quiz has been taken 47 times
  • The average score is 9 of 10
Answer Stats
Poor Rank Answer % Correct
$1,800 Haiti
100%
$5,003 Honduras
98%
$5,000 Nicaragua
95%
$8,300 El Salvador
93%
$11,600 Cuba
91%
$7,900 Guatemala
91%
$9,000 Jamaica
84%
$8,600 Belize
79%
$15,900 Dominican Republic
79%
$11,300 St. Vincent
53%
No matching quizzes found
Score Distribution
Percent of People with Each Score
Percentile by Number Answered
Your Score History
You have not taken this quiz